00189nam a2200085Ia 4500008004100000041000800041082001500049100001400064245002500078240625s9999 xx 000 0 und d aeng a808.20 KAU aKAUR RINI aICICI PRUDENTIAL AMC